书目信息 |
| 题名: |
骨董瑣記全編
|
|
| 作者: | 邓之诚, 著 ;栾保群 校点 | |
| 分册: | 下册 | |
| 出版信息: | 北京 人民出版社 2012 |
|
| 页数: | 325-749页 | |
| 开本: | 21cm | |
| 丛书名: | 近代筆記名著叢刊 | |
| 单 册: | ||
| 中图分类: | I265.2 | |
| 科图分类: | ||
| 主题词: | 杂文--Za Wen--中国--清后期 | |
| 电子资源: | ||
| ISBN: | 978-7-01-010806-3 | |
| 000 | 01133nam 2200325 45 | |
| 001 | 012001010508 | |
| 005 | 20191202100730.92 | |
| 010 | @a978-7-01-010806-3@dCNY34.00 | |
| 099 | @aCAL 012012258847 | |
| 100 | @a20121015d2012 em y0chiy50 ea | |
| 101 | 0 | @achi |
| 102 | @aCN@b110000 | |
| 105 | @ay z 000yy | |
| 106 | @ar | |
| 200 | 1 | @a骨董瑣記全編@AGu Dong Suo Ji Quan Bian@h下册@f鄧之誠著@g欒保群校點 |
| 205 | @a新校本 | |
| 210 | @a北京@c人民出版社@d2012 | |
| 215 | @a325-749页@d21cm | |
| 225 | 2 | @a近代筆記名著叢刊@AJin Dai Bi Ji Ming Zhu Cong Kan |
| 330 | @a本书分初记、续记和三记,共一千余条目,大体分为金石印砚、书画印刷、陶瓷雕绣、书录诗文和古迹轶闻等,涉及历代政治、经济、军事和文化以及南北社会风俗习尚等方面。 | |
| 410 | 0 | @12001@@@a近代筆記名著叢刊 |
| 518 | 1 | @a骨董琐记全编 |
| 606 | 0 | @a杂文@AZa Wen@y中国@z清后期 |
| 690 | @aI265.2@v4 | |
| 701 | 0 | @a邓之诚,@ADeng Zhi Cheng ,@f1887-1960@4著 |
| 702 | 0 | @a栾保群@ALuan Bao Qun@4校点 |
| 730 | 1 | @a鄧之誠@Adeng zhi cheng@4著 |
| 730 | 1 | @a欒保群@Aluan bao qun@4校點 |
| 801 | 2 | @aCN@b上海新华@c20191020 |
| 905 | @b1181833-4@dI265.2@e3905:2=2@f2 | |
| 骨董瑣記全編.下册/鄧之誠著/欒保群校點.-新校本.-北京:人民出版社,2012 |
| 325-749页;21cm.-(近代筆記名著叢刊) |
| ISBN 978-7-01-010806-3:CNY34.00 |
| 本书分初记、续记和三记,共一千余条目,大体分为金石印砚、书画印刷、陶瓷雕绣、书录诗文和古迹轶闻等,涉及历代政治、经济、军事和文化以及南北社会风俗习尚等方面。 |
| ● |
| 相关链接 |
|
|
|
|
正题名:骨董瑣記全編
索取号:I265.2/3905:2=2
 
预约/预借
| 序号 | 登录号 | 条形码 | 馆藏地/架位号 | 状态 | 备注 |
| 1 | 1181833 | 211818336 | 第一样本阅览室/ [索取号:I265.2/3905:2=2] | 在馆 | |
| 2 | 1181834 | 211818345 | 第二借阅区/ [索取号:I265.2/3905:2=2] | 在馆 |